| 000 | 00000nam 2200000za 4500 |
| 001 | 9.564168 |
| 003 | CaOODSP |
| 005 | 20230131161132 |
| 007 | cr ||||||||||| |
| 008 | 150406s2008 oncdbo #o f000 0 eng d |
| 020 | |z978-0-660-19743-2 |
| 040 | |aCaOODSP|beng |
| 041 | |aeng|bfre |
| 043 | |an-cn--- |
| 086 | 1 |aM42-590E-PDF|zM42-590E |
| 100 | 1 |aFader, Gordon B. |
| 245 | 10|aSurficial geology, Halifax Harbour, Nova Scotia |h[electronic resource] / |cG.B.J. Fader and R.O. Miller. |
| 260 | |aOttawa : |bNatural Resources Canada : |bGeographical Survey of Canada, |cc2008. |
| 300 | |a177 p. : |bgraphs, maps, photos + |e7 maps |
| 490 | 1 |aBulletin / Geological Survey of Canada ; |v590 |
| 500 | |aThe catalogue number (M42-590E) and ISBN (978-0-660-19743-2) for the CD-ROM edition have been copied in this electronic publication. |
| 504 | |aIncludes bibliographical references. |
| 520 | |a"The marine geology of Halifax Harbour, Nova Scotia, was studied using seismic-reflection profiles, sidescan-sonar systems, multibeam bathymetry, seabed samples, cores, and photographic observations. Dating of core material and information from seabed samples were correlated with the stratigraphic information from the seismic-reflection data and multibeam backscatter. Maps of detailed multibeam bathymetry, seabed slope, sediment distributions, and both natural and anthropogenic seabed features and processes are presented."--Abstract. |
| 546 | |aText in English, abstract in English and French. |
| 692 | 07|2gccst|aGeology |
| 692 | 07|2gccst|aSurface geology |
| 700 | 1 |aMiller, R. O. |
| 710 | 1 |aCanada. |bNatural Resources Canada. |
| 710 | 2 |aGeological Survey of Canada. |
| 776 | 0#|tSurficial geology, Halifax Harbour, Nova Scotia / |w(CaOODSP)9.618367 |
| 776 | 0#|tSurficial geology, Halifax Harbour, Nova Scotia / |w(CaOODSP)9.618368 |
| 830 | #0|aBulletin (Geological Survey of Canada)|v590.|w(CaOODSP)9.504778 |
| 856 | 40|qPDF|s91.75 MB|uhttps://publications.gc.ca/collections/collection_2008/nrcan/M42-590E.pdf|zReport |
| 856 | 40|qPDF|s37.23 MB|uhttps://publications.gc.ca/collections/collection_2016/rncan-nrcan/M42-590-1-eng.pdf|zMap - Figure 6 |
| 856 | 40|qPDF|s46.78 MB|uhttps://publications.gc.ca/collections/collection_2016/rncan-nrcan/M42-590-2-eng.pdf|zMap - Figure 9 |
| 856 | 40|qPDF|s36.89 MB|uhttps://publications.gc.ca/collections/collection_2016/rncan-nrcan/M42-590-3-eng.pdf|zMap - Figure 12 |
| 856 | 40|qPDF|s6.50 MB|uhttps://publications.gc.ca/collections/collection_2016/rncan-nrcan/M42-590-4-eng.pdf|zMap - Figure 13 |
| 856 | 40|qPDF|s16.30 MB|uhttps://publications.gc.ca/collections/collection_2016/rncan-nrcan/M42-590-5-eng.pdf|zMap - Figure 18 |
| 856 | 40|qPDF|s37.39 MB|uhttps://publications.gc.ca/collections/collection_2016/rncan-nrcan/M42-590-6-eng.pdf|zMap - Figure 21 |
| 856 | 40|qPDF|s3.00 MB|uhttps://publications.gc.ca/collections/collection_2016/rncan-nrcan/M42-590-7-eng.pdf|zMap - Figure 103 |